[Event "Olimpiada de Khanty-Mansiysk 2010"]
[Site "Khanty-Mansiysk RUS"]
[Date "2010.09.27"]
[Round "6"]
[White "Gonzalez, Bernal"]
[Black "Sveshnikov, Vladimir"]
[Result "1/2-1/2"]
[WhiteElo "2423"]
[BlackElo "2374"]
[PlyCount "204"]
[EventDate "2010.09.21"]
[EventType "team"]
[EventRounds "11"]
[EventCountry "RUS"]
[Source "lmi"]
[SourceDate "2010.09.21"]
[WhiteTeam "Costa Rica"]
[BlackTeam "Letonia"]
[WhiteTeamCountry "CRI"]
[BlackTeamCountry "LAT"]

1. f4 d5 2. Nf3 Nf6 3. g3 Bg4 4. Bg2 Nc6 5. d4 e6 6. O-O Bd6 7. Ne5 Bf5 8. c4
O-O 9. Nc3 Ne7 10. c5 Bxe5 11. fxe5 Ne4 12. Nxe4 dxe4 13. Bg5 f6 14. exf6 gxf6
15. Bh6 Rf7 16. e3 Bg6 17. g4 Kh8 18. h4 Ng8 19. Bf4 h5 20. gxh5 Bf5 21. Kh2
Rg7 22. Rg1 Rg4 23. Qe1 Qe8 24. Bh3 Rxg1 25. Qxg1 Qxh5 26. Bxf5 Qxf5 27. Rf1
Qh5 28. Qf2 Rf8 29. Be5 Nh6 30. Qf4 Nf5 31. Bxc7 Nxh4 32. Kh1 Nf3+ 33. Kg2 Rg8+
34. Kf2 Rg6 35. Qxe4 Ng5 36. Qxb7 Nh3+ 37. Ke1 Ng1 38. Rf2 Nh3 39. Rf1 Ng1 40.
Rf2 Nh3 41. Rg2 Qf5 42. Kd2 Rxg2+ 43. Qxg2 Nf2 44. Ke2 Ne4 45. Bf4 Kh7 46. Ke1
Qd5 47. Qg4 a5 48. Qh4+ Kg8 49. Qh6 e5 50. Qg6+ Kf8 51. Bh6+ Ke7 52. Qg7+ Kd8
53. Qa7 exd4 54. Qxa5+ Kc8 55. Bf4 Qxc5 56. Qa8+ Kd7 57. Qxe4 Qc1+ 58. Ke2
Qxb2+ 59. Kf3 dxe3 60. Qd5+ Kc8 61. Qc6+ Kd8 62. Qd6+ Ke8 63. Qe6+ Kd8 64. Qg8+
Ke7 65. Qh7+ Ke8 66. Qe4+ Kd7 67. Qd3+ Kc8 68. Qc4+ Kd7 69. Qf7+ Kd8 70. Bxe3
Qe5 71. Qg8+ Kd7 72. Qf7+ Qe7 73. Qc4 Qe6 74. Qb3 f5 75. Qb7+ Ke8 76. Qa8+ Kd7
77. Qa7+ Ke8 78. a4 Qe4+ 79. Kf2 Qh4+ 80. Ke2 Qc4+ 81. Kd2 f4 82. Bc5 Qd5+ 83.
Kc3 Qe5+ 84. Kb4 Qe1+ 85. Kb5 Qe2+ 86. Ka5 f3 87. Qb6 Kd7 88. Qd6+ Kc8 89. Kb6
Qb2+ 90. Bb4 Qf2+ 91. Bc5 Qb2+ 92. Bb4 Qf2+ 93. Ka5 Qa7+ 94. Kb5 Qb8+ 95. Qxb8+
Kxb8 96. Bc5 f2 97. Bxf2 Kb7 98. a5 Ka8 99. Ka6 Kb8 100. Be3 Ka8 101. Bf2 Kb8
102. Be3 Ka8 1/2-1/2

[Event "Olimpiada de Khanty-Mansiysk 2010"]
[Site "Khanty-Mansiysk RUS"]
[Date "2010.09.27"]
[Round "6"]
[White "Kantans, Toms"]
[Black "Ruiz Blais, Sebastian"]
[Result "0-1"]
[WhiteElo "2332"]
[BlackElo "2172"]
[PlyCount "68"]
[EventDate "2010.09.21"]
[EventType "team"]
[EventRounds "11"]
[EventCountry "RUS"]
[Source "lmi"]
[SourceDate "2010.09.21"]
[WhiteTeam "Letonia"]
[BlackTeam "Costa Rica"]
[WhiteTeamCountry "LAT"]
[BlackTeamCountry "CRI"]

1. d4 Nf6 2. Nc3 d5 3. Bg5 c6 4. Nf3 Qb6 5. Bxf6 exf6 6. Qc1 Be6 7. e3 g6 8.
Bd3 Bg7 9. O-O O-O 10. a3 a5 11. Qd2 Nd7 12. e4 dxe4 13. Nxe4 Bd5 14. Qf4 f5
15. Ned2 c5 16. Rab1 cxd4 17. b4 a4 18. Rfe1 Rfe8 19. h4 h5 20. Nc4 Qf6 21. Ng5
Nf8 22. Rxe8 Rxe8 23. Qc7 Ne6 24. Nxe6 Qxe6 25. Nb6 Bc6 26. b5 Be5 27. Bc4 Bxc7
28. Bxe6 Be4 29. Nd5 Rxe6 30. Nxc7 Re7 31. b6 Bxc2 32. Nd5 Re5 33. Rc1 d3 34.
Ne3 Rxe3 0-1

[Event "Olimpiada de Khanty-Mansiysk 2010"]
[Site "Khanty-Mansiysk RUS"]
[Date "2010.09.27"]
[Round "6"]
[White "Rodriguez Vila, Andres"]
[Black "Pelletier, Yannick"]
[Result "1-0"]
[WhiteElo "2537"]
[BlackElo "2592"]
[PlyCount "79"]
[EventDate "2010.09.21"]
[EventType "team"]
[EventRounds "11"]
[EventCountry "RUS"]
[Source "lmi"]
[SourceDate "2010.09.21"]
[WhiteTeam "Uruguay"]
[BlackTeam "Suiza"]
[WhiteTeamCountry "URU"]
[BlackTeamCountry "SUI"]

1. e4 d6 2. d4 Nf6 3. f3 d5 4. e5 Nfd7 5. f4 c5 6. c3 cxd4 7. cxd4 Nb6 8. Nc3
Nc6 9. a3 Bf5 10. Nge2 h5 11. Ng3 Bg4 12. Qd3 h4 13. Be2 Bd7 14. Nf1 g6 15. Ne3
e6 16. Ng4 Be7 17. b3 a6 18. O-O Rc8 19. Kh1 Kf8 20. Bb2 Na5 21. Bd1 Na8 22.
Bc2 Nc7 23. Rf3 Ne8 24. Rh3 Ng7 25. Ne3 Qb6 26. g4 Bc6 27. Qd1 Rg8 28. Rb1 Qd8
29. Ne2 Bb5 30. Ng1 Ke8 31. Nf3 b6 32. Qd2 Rc7 33. Rg1 Qc8 34. Ng5 Rh8 35. Qf2
Bxg5 36. fxg5 Qd8 37. a4 Bc6 38. Qf6 Rh7 39. Ba3 Bb7 40. Rf1 1-0

[Event "Olimpiada de Khanty-Mansiysk 2010"]
[Site "Khanty-Mansiysk RUS"]
[Date "2010.09.27"]
[Round "6"]
[White "Gallagher, Joseph"]
[Black "Larrea, Manuel"]
[Result "1-0"]
[WhiteElo "2517"]
[BlackElo "2323"]
[PlyCount "79"]
[EventDate "2010.09.21"]
[EventType "team"]
[EventRounds "11"]
[EventCountry "RUS"]
[Source "lmi"]
[SourceDate "2010.09.21"]
[WhiteTeam "Suiza"]
[BlackTeam "Uruguay"]
[WhiteTeamCountry "SUI"]
[BlackTeamCountry "URU"]

1. e4 c5 2. Nf3 Nc6 3. Bb5 g6 4. c3 Bg7 5. d4 Qb6 6. a4 cxd4 7. O-O e5 8. Na3
Nge7 9. cxd4 exd4 10. Bf4 d5 11. exd5 Nxd5 12. Nc4 Qd8 13. Nd6+ Kf8 14. Bg3 Bf6
15. Bxc6 bxc6 16. Nxd4 Qb6 17. Nxc6 Be6 18. Ne5 Rd8 19. Ndc4 Qa6 20. Qf3 h5 21.
h4 Kg7 22. Rfe1 Nb4 23. Ne3 Nd3 24. Qe2 Nc5 25. Qb5 Qxb5 26. axb5 Ne4 27. Nc6
Rd2 28. Nf1 Nxg3 29. Nxd2 Nf5 30. Rxa7 Kh6 31. Nf3 Nd6 32. b6 Rc8 33. Rc7 Rxc7
34. bxc7 Bxb2 35. Rxe6 fxe6 36. Ne7 Bf6 37. c8=Q Nxc8 38. Nxc8 e5 39. Nd6 Kg7
40. Ne8+ 1-0

[Event "Olimpiada de Khanty-Mansiysk 2010"]
[Site "Khanty-Mansiysk RUS"]
[Date "2010.09.27"]
[Round "6"]
[White "Roselli Mailhe, Bernardo"]
[Black "Ekstroem, Roland"]
[Result "1/2-1/2"]
[WhiteElo "2399"]
[BlackElo "2489"]
[PlyCount "42"]
[EventDate "2010.09.21"]
[EventType "team"]
[EventRounds "11"]
[EventCountry "RUS"]
[Source "lmi"]
[SourceDate "2010.09.21"]
[WhiteTeam "Uruguay"]
[BlackTeam "Suiza"]
[WhiteTeamCountry "URU"]
[BlackTeamCountry "SUI"]

1. d4 Nf6 2. c4 e6 3. Nf3 b6 4. a3 Bb7 5. Nc3 d5 6. cxd5 Nxd5 7. Bd2 Nf6 8. Bg5
Be7 9. e3 Nbd7 10. Be2 O-O 11. O-O h6 12. Bh4 c5 13. Rc1 Rc8 14. dxc5 Nxc5 15.
Nd4 Nfe4 16. Bxe7 Qxe7 17. Nxe4 Nxe4 18. Rxc8 Rxc8 19. f3 Nd6 20. Qd2 e5 21.
Nb5 Nxb5 1/2-1/2

[Event "Olimpiada de Khanty-Mansiysk 2010"]
[Site "Khanty-Mansiysk RUS"]
[Date "2010.09.27"]
[Round "6"]
[White "Pornariyasombat, Atippat"]
[Black "Salem, A R  Saleh"]
[Result "0-1"]
[WhiteElo "2181"]
[BlackElo "2501"]
[PlyCount "62"]
[EventDate "2010.09.21"]
[EventType "team"]
[EventRounds "11"]
[EventCountry "RUS"]
[Source "lmi"]
[SourceDate "2010.09.21"]
[WhiteTeam "Tailandia"]
[BlackTeam "Emiratos Arabes Unidos"]
[WhiteTeamCountry "THA"]
[BlackTeamCountry "UAE"]

1. e4 c5 2. Nc3 a6 3. f4 b5 4. g3 Bb7 5. Bg2 e6 6. Nf3 b4 7. Na4 Bxe4 8. O-O
Nf6 9. d3 Bc6 10. c4 bxc3 11. f5 cxb2 12. Bxb2 Be7 13. Ne5 Bxg2 14. Kxg2 O-O
15. Qf3 Ra7 16. Rab1 Qc7 17. Ba1 d6 18. Rxb8 Rxb8 19. Nc6 e5 20. Nxc5 Re8 21.
d4 exd4 22. Ne4 Raa8 23. Nxe7+ Qxe7 24. Nxf6+ Qxf6 25. Qg4 Qe5 26. Kh3 Qe2 27.
Rf3 Re4 28. Qh5 g6 29. fxg6 hxg6 30. Qd5 Qxf3 31. Qxa8+ Kh7 0-1

[Event "Olimpiada de Khanty-Mansiysk 2010"]
[Site "Khanty-Mansiysk RUS"]
[Date "2010.09.27"]
[Round "6"]
[White "Kongsee, Uaychai"]
[Black "Omar Noaman, Ali Ali"]
[Result "0-1"]
[WhiteElo "2235"]
[BlackElo "2220"]
[PlyCount "134"]
[EventDate "2010.09.21"]
[EventType "team"]
[EventRounds "11"]
[EventCountry "RUS"]
[Source "lmi"]
[SourceDate "2010.09.21"]
[WhiteTeam "Tailandia"]
[BlackTeam "Emiratos Arabes Unidos"]
[WhiteTeamCountry "THA"]
[BlackTeamCountry "UAE"]

1. e4 c6 2. d4 d5 3. Nc3 dxe4 4. Nxe4 Bf5 5. Ng3 Bg6 6. h4 h6 7. Nf3 Nd7 8. h5
Bh7 9. Bd3 Bxd3 10. Qxd3 e6 11. Bd2 Qc7 12. O-O-O Ngf6 13. Ne4 O-O-O 14. g3
Nxe4 15. Qxe4 Bd6 16. c4 c5 17. d5 Nf6 18. Qc2 exd5 19. cxd5 Qd7 20. Bc3 Rhe8
21. Bxf6 gxf6 22. Nh4 Re5 23. f4 Rxh5 24. Qe2 Rxd5 25. Rxd5 Bxf4+ 26. gxf4 Qxd5
27. Rd1 Qxa2 28. Rxd8+ Kxd8 29. Nf5 Qe6 30. Qd2+ Kc8 31. Nd6+ Kc7 32. Nb5+ Kb6
33. Nc3 h5 34. Qf2 Qc4 35. Qh4 Qd4 36. Kb1 Qd3+ 37. Ka2 Qc4+ 38. Kb1 Qd3+ 39.
Kc1 Qf5 40. Kd2 a6 41. Ke3 Kc6 42. Qh1+ Kb6 43. Nd5+ Ka7 44. Qe4 Qh3+ 45. Qf3
Qf5 46. Kd2 h4 47. Ne3 Qd7+ 48. Kc2 h3 49. Ng4 Qa4+ 50. Kb1 f5 51. Nf2 h2 52.
Kc1 Qa1+ 53. Kc2 Qe1 54. Nh1 Qe4+ 55. Qxe4 fxe4 56. Kd2 f5 57. Ke3 b5 58. Kf2
c4 59. Kg2 b4 60. Ng3 c3 61. b3 h1=Q+ 62. Kxh1 Kb6 63. Kg2 a5 64. Ne2 a4 65.
bxa4 Ka5 66. Kf2 Kxa4 67. Ke1 Ka3 0-1

[Event "Olimpiada de Khanty-Mansiysk 2010"]
[Site "Khanty-Mansiysk RUS"]
[Date "2010.09.27"]
[Round "6"]
[White "Abdulwahab, Marwan"]
[Black "Teerapabpaisit, Wisuwat"]
[Result "0-1"]
[WhiteElo "2089"]
[BlackElo "2310"]
[PlyCount "122"]
[EventDate "2010.09.21"]
[EventType "team"]
[EventRounds "11"]
[EventCountry "RUS"]
[Source "lmi"]
[SourceDate "2010.09.21"]
[WhiteTeam "Emiratos Arabes Unidos"]
[BlackTeam "Tailandia"]
[WhiteTeamCountry "UAE"]
[BlackTeamCountry "THA"]

1. e4 c5 2. Nf3 e6 3. d4 cxd4 4. Nxd4 a6 5. Bd3 Nf6 6. O-O Qc7 7. Qe2 d6 8. c4
Nc6 9. Be3 Ne5 10. h3 b6 11. Nd2 Bb7 12. Bc2 Be7 13. f4 Ned7 14. Kh1 g6 15.
N4f3 Nh5 16. Qf2 O-O 17. Rac1 f5 18. Nd4 Ng7 19. b4 e5 20. Ne2 exf4 21. Nxf4
fxe4 22. Qe1 Nf6 23. Nd5 Nxd5 24. cxd5 Rxf1+ 25. Nxf1 Rf8 26. Bxe4 Qd8 27. Qd2
Nh5 28. Kg1 Rf7 29. Bf3 Ng7 30. Qd4 Bg5 31. Bxg5 Qxg5 32. Rc3 Qf6 33. Qxf6 Rxf6
34. Ne3 Ne8 35. Nc4 Rf4 36. a3 b5 37. Na5 Rf7 38. Nxb7 Rxb7 39. Rc8 Kf7 40. Rc6
Ra7 41. Kf2 Ke7 42. Ke3 Nf6 43. Rb6 Nd7 44. Rc6 Ne5 45. Rc3 Kf6 46. Be2 a5 47.
Bxb5 axb4 48. axb4 Rb7 49. Be2 Rxb4 50. Ra3 Rb6 51. Ra7 h5 52. Ra4 Rb3+ 53. Kf2
Nd7 54. Re4 Kf5 55. Re6 Nc5 56. Re8 Ne4+ 57. Kg1 h4 58. Kh2 Ng3 59. Bg4+ Kf4
60. Rf8+ Kg5 61. Rd8 Rb1 0-1

[Event "Olimpiada de Khanty-Mansiysk 2010"]
[Site "Khanty-Mansiysk RUS"]
[Date "2010.09.27"]
[Round "6"]
[White "Gemy, Jose Daniel"]
[Black "De La Riva Aguado, Oscar"]
[Result "0-1"]
[WhiteElo "2325"]
[BlackElo "2521"]
[PlyCount "70"]
[EventDate "2010.09.21"]
[EventType "team"]
[EventRounds "11"]
[EventCountry "RUS"]
[Source "lmi"]
[SourceDate "2010.09.21"]
[WhiteTeam "Bolivia"]
[BlackTeam "Andorra"]
[WhiteTeamCountry "BOL"]
[BlackTeamCountry "AND"]

1. Nf3 g6 2. c4 Bg7 3. Nc3 d6 4. e3 f5 5. h4 e5 6. d3 Nf6 7. Qb3 Na6 8. Be2 c6
9. Ng5 Qe7 10. Bd2 h6 11. Nh3 Be6 12. Qa4 Bf7 13. g3 O-O 14. O-O Nc5 15. Qc2
Ne6 16. f4 Rad8 17. Rae1 Rfe8 18. Qc1 exf4 19. exf4 d5 20. Kg2 Qd7 21. Nb1 Nd4
22. Bd1 dxc4 23. dxc4 c5 24. Ng1 Qc6+ 25. Nf3 Ng4 26. b3 a6 27. Kh3 Rxe1 28.
Bxe1 b5 29. Nxd4 cxd4 30. Bf3 Qc5 31. Ba5 Rc8 32. b4 Qxc4 33. Qxc4 bxc4 34. Bb7
Re8 35. Bxa6 Re2 0-1

[Event "Olimpiada de Khanty-Mansiysk 2010"]
[Site "Khanty-Mansiysk RUS"]
[Date "2010.09.27"]
[Round "6"]
[White "Simonet, Marc"]
[Black "Mendoza, Rodrigo"]
[Result "1-0"]
[WhiteElo "2277"]
[BlackElo "2124"]
[PlyCount "51"]
[EventDate "2010.09.21"]
[EventType "team"]
[EventRounds "11"]
[EventCountry "RUS"]
[Source "lmi"]
[SourceDate "2010.09.21"]
[WhiteTeam "Andorra"]
[BlackTeam "Bolivia"]
[WhiteTeamCountry "AND"]
[BlackTeamCountry "BOL"]

1. d4 d5 2. c4 c6 3. Nf3 Nf6 4. e3 e6 5. Nbd2 Nbd7 6. Bd3 Be7 7. O-O O-O 8. b3
b6 9. Bb2 Bb7 10. Qe2 c5 11. Rfd1 Re8 12. Rac1 cxd4 13. exd4 Nh5 14. g3 g6 15.
Ne5 a6 16. Ndf3 Nhf6 17. Nxf7 Kxf7 18. Ng5+ Kg8 19. Qxe6+ Kg7 20. Qf7+ Kh8 21.
Ne6 Bf8 22. Nxd8 Raxd8 23. Re1 Bb4 24. Rxe8+ Rxe8 25. c5 bxc5 26. dxc5 1-0

[Event "Olimpiada de Khanty-Mansiysk 2010"]
[Site "Khanty-Mansiysk RUS"]
[Date "2010.09.27"]
[Round "6"]
[White "Santamaria, Vicens"]
[Black "Estrada, Lucia"]
[Result "1-0"]
[WhiteElo "2085"]
[BlackElo "2035"]
[PlyCount "63"]
[EventDate "2010.09.21"]
[EventType "team"]
[EventRounds "11"]
[EventCountry "RUS"]
[Source "lmi"]
[SourceDate "2010.09.21"]
[WhiteTeam "Andorra"]
[BlackTeam "Bolivia"]
[WhiteTeamCountry "AND"]
[BlackTeamCountry "BOL"]

1. e4 e6 2. d3 d5 3. Nd2 Nf6 4. Ngf3 c5 5. g3 Nc6 6. Bg2 Qc7 7. O-O Be7 8. Re1
O-O 9. e5 Nd7 10. Qe2 b5 11. h4 c4 12. Nf1 a5 13. Bf4 Ba6 14. d4 b4 15. Qd1
Rfb8 16. Ne3 Nb6 17. Ng5 Qd7 18. Qh5 Bxg5 19. hxg5 Qe8 20. Qh3 Rd8 21. Rad1 Ne7
22. Ng4 Ng6 23. Be3 Nd7 24. Bf3 Qe7 25. Kg2 Ngf8 26. Rh1 Ra7 27. Nf6+ Nxf6 28.
gxf6 gxf6 29. Qh6 fxe5 30. Bg5 f6 31. Bxf6 Qe8 32. Bh5 1-0

[Event "Olimpiada de Khanty-Mansiysk 2010"]
[Site "Khanty-Mansiysk RUS"]
[Date "2010.09.27"]
[Round "6"]
[White "Machin, Rivera Mark"]
[Black "Ahmed, Abdul Sattar abdul"]
[Result "1-0"]
[WhiteElo "2229"]
[BlackElo "2342"]
[PlyCount "73"]
[EventDate "2010.09.21"]
[EventType "team"]
[EventRounds "11"]
[EventCountry "RUS"]
[Source "lmi"]
[SourceDate "2010.09.21"]
[WhiteTeam "Puerto Rico"]
[BlackTeam "Irak"]
[WhiteTeamCountry "PUR"]
[BlackTeamCountry "IRQ"]

1. c4 Nf6 2. g3 g6 3. Bg2 Bg7 4. Nc3 O-O 5. d3 d6 6. Rb1 c5 7. e3 Nc6 8. Nge2
Bg4 9. O-O Qd7 10. b3 Ne5 11. f3 Bh3 12. d4 Nc6 13. d5 Nb4 14. Bb2 Bxg2 15.
Kxg2 Na6 16. g4 e5 17. Ng3 Nc7 18. Qe2 Rfb8 19. g5 Nfe8 20. f4 b5 21. Nce4 bxc4
22. bxc4 Rxb2 23. Rxb2 exf4 24. Rxf4 Bxb2 25. Qxb2 Na6 26. Nf6+ Nxf6 27. Qxf6
Nc7 28. Ne4 Ne8 29. Qb2 Qd8 30. Qb7 Nc7 31. Nf6+ Kh8 32. Qb2 Rb8 33. Qc3 Rb7
34. Ne8+ f6 35. gxf6 Nxe8 36. f7+ Nf6 37. Qxf6+ 1-0

[Event "Olimpiada de Khanty-Mansiysk 2010"]
[Site "Khanty-Mansiysk RUS"]
[Date "2010.09.27"]
[Round "6"]
[White "Al-Ali, Hussein Ali Husse"]
[Black "Montalvo, Alejandro"]
[Result "1/2-1/2"]
[WhiteElo "2364"]
[BlackElo "2250"]
[PlyCount "154"]
[EventDate "2010.09.21"]
[EventType "team"]
[EventRounds "11"]
[EventCountry "RUS"]
[Source "lmi"]
[SourceDate "2010.09.21"]
[WhiteTeam "Irak"]
[BlackTeam "Puerto Rico"]
[WhiteTeamCountry "IRQ"]
[BlackTeamCountry "PUR"]

1. e4 c6 2. Nc3 d5 3. Nf3 dxe4 4. Nxe4 Nf6 5. Ng3 g6 6. Bc4 Bg7 7. O-O O-O 8.
h3 b5 9. Bb3 Bb7 10. d4 Nbd7 11. Qe2 a6 12. Rd1 e6 13. Bf4 Re8 14. Ne4 Nxe4 15.
Qxe4 Qc8 16. c3 c5 17. Qe2 c4 18. Bc2 Qc6 19. Qf1 e5 20. Be3 e4 21. Nd2 Nb6 22.
Nxe4 Na4 23. d5 Qd7 24. Bxa4 Rxe4 25. Bc2 Re5 26. d6 Re6 27. Bf4 Be5 28. Bxe5
Rxe5 29. Rd2 Rc8 30. Rad1 Rc6 31. f4 Re6 32. f5 Rexd6 33. Qf4 Rxd2 34. Rxd2 Qe7
35. Be4 Rc8 36. Bxb7 Qxb7 37. f6 Qb6+ 38. Qd4 Qc7 39. Qd6 Qa7+ 40. Rd4 Re8 41.
Qd7 Qxd7 42. Rxd7 h6 43. Re7 Rd8 44. a4 g5 45. axb5 axb5 46. Rb7 Rd5 47. Kh2
Kh7 48. Rxf7+ Kg6 49. Rf8 Rf5 50. Rb8 Kxf6 51. Rb6+ Kg7 52. Kg1 h5 53. Rd6 Kf7
54. g3 b4 55. Kg2 b3 56. Rd4 Ra5 57. Kf3 Ke6 58. Rxc4 Ra2 59. Re4+ Kd5 60. Re2
Ra1 61. Rd2+ Ke5 62. c4 Rf1+ 63. Ke3 Rh1 64. Rd5+ Kf6 65. c5 Rxh3 66. c6 Rh2
67. c7 Rc2 68. Rd7 Ke6 69. Rd3 Rxc7 70. Rxb3 h4 71. gxh4 gxh4 72. Rb4 Rh7 73.
Kf2 h3 74. Kg1 h2+ 75. Kh1 Kd5 76. Rg4 Kc5 77. Rg2 Kb4 1/2-1/2

[Event "Olimpiada de Khanty-Mansiysk 2010"]
[Site "Khanty-Mansiysk RUS"]
[Date "2010.09.27"]
[Round "6"]
[White "Vazquez, Reyes Raul"]
[Black "Al-Saffar, Araz Basim Moh"]
[Result "1/2-1/2"]
[WhiteElo "2217"]
[BlackElo "2348"]
[PlyCount "141"]
[EventDate "2010.09.21"]
[EventType "team"]
[EventRounds "11"]
[EventCountry "RUS"]
[Source "lmi"]
[SourceDate "2010.09.21"]
[WhiteTeam "Puerto Rico"]
[BlackTeam "Irak"]
[WhiteTeamCountry "PUR"]
[BlackTeamCountry "IRQ"]

1. e4 e5 2. Nf3 Nc6 3. Bb5 a6 4. Ba4 Nf6 5. d4 exd4 6. O-O Be7 7. Re1 b5 8. e5
Nxe5 9. Rxe5 d6 10. Re1 bxa4 11. Nxd4 Bd7 12. Qf3 O-O 13. Nc6 Bxc6 14. Qxc6 Nd7
15. Qxa4 Bf6 16. c3 Re8 17. Be3 Bg5 18. Qd4 Rb8 19. b3 Nc5 20. Nd2 Bf6 21. Qc4
Ne6 22. Nf3 Qd7 23. Nd4 Nc5 24. b4 Na4 25. Qxa6 Nxc3 26. Qc4 Na4 27. Rac1 c5
28. bxc5 Nxc5 29. Red1 Ne4 30. f3 Rbc8 31. Qd3 Nc5 32. Qd2 Be5 33. Nb3 Nxb3 34.
axb3 Qb5 35. Rxc8 Rxc8 36. Bd4 Bxd4+ 37. Qxd4 Qxb3 38. Qxd6 Qe3+ 39. Kf1 h5 40.
Qd4 Qg5 41. Qd2 Qe5 42. Kg1 h4 43. Qd4 Qe2 44. Qd2 Qe6 45. h3 Qg6 46. Qd7 Rb8
47. Qe7 Qb6+ 48. Kh1 Qf2 49. Rd8+ Rxd8 50. Qxd8+ Kh7 51. Qd3+ g6 52. Qc4 Qe1+
53. Kh2 Kg7 54. Qc7 Kf6 55. Qf4+ Kg7 56. Qc7 g5 57. Qd7 Kf6 58. Qd8+ Kf5 59.
Qd3+ Kf6 60. Qd8+ Qe7 61. Qd3 Qe5+ 62. Kh1 Kg7 63. Qd1 Qe3 64. Qb1 Kf6 65. Qd1
Ke5 66. Qa1+ Qd4 67. Qxd4+ Kxd4 68. Kh2 Ke3 69. Kg1 Ke2 70. Kh2 Kf2 71. Kh1
1/2-1/2

[Event "Olimpiada de Khanty-Mansiysk 2010"]
[Site "Khanty-Mansiysk RUS"]
[Date "2010.09.27"]
[Round "6"]
[White "Noah, A. H. Al-Ali"]
[Black "Almedina, Ortiz Edgardo J"]
[Result "1/2-1/2"]
[WhiteElo "2397"]
[BlackElo "2197"]
[PlyCount "142"]
[EventDate "2010.09.21"]
[EventType "team"]
[EventRounds "11"]
[EventCountry "RUS"]
[Source "lmi"]
[SourceDate "2010.09.21"]
[WhiteTeam "Irak"]
[BlackTeam "Puerto Rico"]
[WhiteTeamCountry "IRQ"]
[BlackTeamCountry "PUR"]

1. Nf3 Nf6 2. g3 g6 3. Bg2 Bg7 4. O-O O-O 5. c4 d6 6. Nc3 Nc6 7. d4 Rb8 8. a3
a6 9. b4 b5 10. cxb5 axb5 11. Bb2 Bd7 12. Rc1 Na7 13. e4 Nc8 14. e5 Ne8 15. Qe2
c6 16. exd6 exd6 17. d5 Nb6 18. dxc6 Bxc6 19. Nd1 Nc4 20. Bxg7 Nxg7 21. Ne3 Re8
22. Nd4 Bxg2 23. Kxg2 Qg5 24. Rc3 Ne6 25. Nxe6 Rxe6 26. h4 Qe7 27. Re1 Re8 28.
Qf3 Qa7 29. h5 f5 30. hxg6 hxg6 31. Qf4 Qg7 32. Rd3 Qb7+ 33. f3 Qa7 34. Kf2
Nxa3 35. Rxd6 Nc4 36. Rxe6 Rxe6 37. Re2 Kg7 38. Re1 Ne5 39. Rd1 Qa2+ 40. Kf1
Qh2 41. Rd5 Qb2 42. Qg5 Qb1+ 43. Rd1 Nf7 44. Qf4 Qb3 45. Qd4+ Kg8 46. Rd3 Qb1+
47. Kg2 Rd6 48. Nd5 Qe1 49. Qf2 Qxf2+ 50. Kxf2 Kf8 51. f4 Ke8 52. Ke3 Kd7 53.
Rd4 Re6+ 54. Kd3 Kc6 55. Nc3 Nd6 56. Rd5 Re1 57. Rc5+ Kd7 58. Nxb5 Nxb5 59.
Rxb5 Rg1 60. Kc4 Rxg3 61. Rd5+ Kc7 62. Kc5 g5 63. Rxf5 gxf4 64. Rf7+ Kb8 65.
Rxf4 Rg6 66. b5 Rh6 67. Rf7 Rg6 68. Kb4 Rh6 69. Ka5 Rg6 70. Rf5 Rh6 71. b6 Rh1
1/2-1/2

[Event "Olimpiada de Khanty-Mansiysk 2010"]
[Site "Khanty-Mansiysk RUS"]
[Date "2010.09.27"]
[Round "6"]
[White "Al-Sayed, Mohammed"]
[Black "Efimov, Igor"]
[Result "1-0"]
[WhiteElo "2495"]
[BlackElo "2433"]
[PlyCount "63"]
[EventDate "2010.09.21"]
[EventType "team"]
[EventRounds "11"]
[EventCountry "RUS"]
[Source "lmi"]
[SourceDate "2010.09.21"]
[WhiteTeam "Qatar"]
[BlackTeam "Mónaco"]
[WhiteTeamCountry "QAT"]
[BlackTeamCountry "MNC"]

1. d4 Nf6 2. c4 c5 3. d5 e5 4. Nc3 d6 5. e4 Be7 6. Bd3 Nbd7 7. h3 Nf8 8. g3 Ng6
9. h4 a6 10. h5 Nf8 11. f4 h6 12. Be2 N8h7 13. Nf3 Bg4 14. Nh4 Bxe2 15. Qxe2
O-O 16. Nf5 Re8 17. fxe5 dxe5 18. Be3 Bf8 19. O-O b5 20. cxb5 axb5 21. d6 b4
22. Nb5 Nxe4 23. Rad1 Qd7 24. Qg4 Qxb5 25. Qxe4 Ra7 26. Nxh6+ Kh8 27. Nxf7+
Rxf7 28. Rxf7 Qe2 29. Qf3 Qxb2 30. d7 Rd8 31. Bg5 e4 32. Qf1 1-0

[Event "Olimpiada de Khanty-Mansiysk 2010"]
[Site "Khanty-Mansiysk RUS"]
[Date "2010.09.27"]
[Round "6"]
[White "Ribbegren, Karl Johan"]
[Black "Al-Tamimi, Hamad"]
[Result "1/2-1/2"]
[WhiteElo "2153"]
[BlackElo "2250"]
[PlyCount "130"]
[EventDate "2010.09.21"]
[EventType "team"]
[EventRounds "11"]
[EventCountry "RUS"]
[Source "lmi"]
[SourceDate "2010.09.21"]
[WhiteTeam "Mónaco"]
[BlackTeam "Qatar"]
[WhiteTeamCountry "MNC"]
[BlackTeamCountry "QAT"]

1. g3 d5 2. Bg2 c6 3. c4 Nf6 4. cxd5 cxd5 5. Nf3 Nc6 6. O-O Bg4 7. d3 e6 8. Qa4
Bd6 9. Bg5 Bxf3 10. Bxf3 h6 11. Be3 O-O 12. Nc3 Qe7 13. Rac1 a6 14. Bg2 Rfc8
15. Bd2 Rc7 16. Nb5 Rcc8 17. Nxd6 Qxd6 18. Qh4 Qe5 19. e4 Nd4 20. Kh1 dxe4 21.
dxe4 Rxc1 22. Rxc1 Kh7 23. Bxh6 gxh6 24. f4 Qh5 25. Qxf6 Ne2 26. g4 Qg6 27.
Qxg6+ Kxg6 28. Rf1 Rc8 29. e5 Rc4 30. f5+ Kg5 31. fxe6 fxe6 32. Bxb7 Rb4 33.
Bc8 Rxb2 34. Bxe6 Nd4 35. Bd5 Re2 36. Rd1 Nb5 37. Bb7 Rxe5 38. Bxa6 Nc3 39. Rd2
Kxg4 40. Kg2 Nd5 41. h3+ Kg5 42. Kf3 Re3+ 43. Kf2 Re5 44. Rd4 Nc3 45. h4+ Kf6
46. Bc4 Ra5 47. Rd6+ Kg7 48. Rd7+ Kg6 49. Bd3+ Kf6 50. Rd6+ Kf7 51. Kf3 Nxa2
52. Rxh6 Ra3 53. Ke4 Kg7 54. Rh5 Ra4+ 55. Ke3 Nb4 56. Be4 Na6 57. Kf4 Nb8 58.
Rh7+ Kf6 59. Rb7 Na6 60. Rb6+ Kg7 61. Rc6 Nb4 62. Rc7+ Kf6 63. Rc4 Nd3+ 64.
Bxd3 Rxc4+ 65. Bxc4 Kg7 1/2-1/2

[Event "Olimpiada de Khanty-Mansiysk 2010"]
[Site "Khanty-Mansiysk RUS"]
[Date "2010.09.27"]
[Round "6"]
[White "Mesfin, Leykun"]
[Black "Amonatov, Farrukh"]
[Result "0-1"]
[WhiteElo "2160"]
[BlackElo "2602"]
[PlyCount "90"]
[EventDate "2010.09.21"]
[EventType "team"]
[EventRounds "11"]
[EventCountry "RUS"]
[Source "lmi"]
[SourceDate "2010.09.21"]
[WhiteTeam "Etiopía"]
[BlackTeam "Tayikistán"]
[WhiteTeamCountry "ETH"]
[BlackTeamCountry "TJK"]

1. e4 c5 2. Nf3 d6 3. d4 cxd4 4. Nxd4 Nf6 5. Nc3 a6 6. Be2 e5 7. Nb3 Be7 8. Bg5
O-O 9. Qd2 Nbd7 10. O-O-O b5 11. h4 Bb7 12. f3 b4 13. Nd5 Nxd5 14. exd5 a5 15.
Kb1 Nb6 16. Bd3 Bxd5 17. Be4 Bxe4 18. fxe4 Nc4 19. Qd3 Rc8 20. Nd2 Nxd2+ 21.
Qxd2 f6 22. Be3 Qc7 23. Qd5+ Kh8 24. Rd2 a4 25. Re2 Qc4 26. Qxc4 Rxc4 27. Bc1
f5 28. exf5 Rxf5 29. g3 Rf3 30. Bg5 Bf8 31. b3 axb3 32. cxb3 Rg4 33. Rc1 Kg8
34. Rc8 Kf7 35. Rec2 Rgxg3 36. R2c7+ Kg6 37. Rb7 Rg1+ 38. Kc2 Rf2+ 39. Kd3 d5
40. Rb6+ Kh5 41. Ke3 Rgf1 42. Rxf8 Rxf8 43. Rxb4 R1f2 44. Kd3 R8f3+ 45. Be3 d4
0-1